000 00297nam a22001337a 4500
008 170227b xxu||||| |||| 00| 0 eng d
020 _a9789951460156
041 _aeng
080 _a577
100 _a5
101 _aSHMB
245 _aPRINCIPLES OF BIOCHEMISTRY
_cLEHNINGER.A.L
942 _2udc
_cBK
999 _c6324
_d6324